00262nam a2200109Ia 4500008004100000020001500041100001700056245003900073250000800112260002200120300001000142211105s9999 xx 000 0 und d aVYASA14916 aAtreya B. L. 4aThe Vision And The Way Of Vasistha a2nd bSamanta Booksc\N a586p.